A field guide to bacteria / (Record no. 1600)
[ view plain ]
| 000 -LEADER | |
|---|---|
| fixed length control field | 00712cam a2200193 4500 |
| 001 - CONTROL NUMBER | |
| control field | 2051 |
| 005 - DATE AND TIME OF LATEST TRANSACTION | |
| control field | 20181127164453.0 |
| 008 - FIXED-LENGTH DATA ELEMENTS--GENERAL INFORMATION | |
| fixed length control field | 021029s2003 nyuaf bf 001 0 eng |
| 010 ## - LIBRARY OF CONGRESS CONTROL NUMBER | |
| LC control number | 2002041012 |
| Canceled/invalid LC control number | 2002154885 |
| 020 ## - INTERNATIONAL STANDARD BOOK NUMBER | |
| International Standard Book Number | 0801439027 (cloth) |
| International Standard Book Number | 0801488540 (paper) |
| 100 1# - MAIN ENTRY--PERSONAL NAME | |
| Personal name | Dyer, Betsey Dexter. |
| 245 12 - TITLE STATEMENT | |
| Title | A field guide to bacteria / |
| Statement of responsibility, etc. | Betsey Dexter Dyer. |
| 260 ## - PUBLICATION, DISTRIBUTION, ETC. | |
| Place of publication, distribution, etc. | Ithaca, N.Y. : |
| Name of publisher, distributor, etc. | Cornell University Press, |
| Date of publication, distribution, etc. | c2003. |
| 300 ## - PHYSICAL DESCRIPTION | |
| Extent | viii, 355 p., [32] p. of plates : |
| Other physical details | ill. (some col.) ; |
| Dimensions | 22 cm. |
| 504 ## - BIBLIOGRAPHY, ETC. NOTE | |
| Bibliography, etc. note | Includes bibliographical references (p. 335-338) and index. |
| 650 #0 - SUBJECT ADDED ENTRY--TOPICAL TERM | |
| Topical term or geographic name entry element | Bacteria |
| General subdivision | Identification |
| Form subdivision | Handbooks, manuals, etc. |
| Topical term or geographic name entry element | Microbial ecology |
| Form subdivision | Handbooks, manuals, etc. |
| Withdrawn status | Lost status | Source of classification or shelving scheme | Damaged status | Not for loan | Collection code | Home library | Current library | Shelving location | Serial Enumeration / chronology | Inventory number | Total Checkouts | Full call number | Barcode | Date last seen | Price effective from | Koha item type |
|---|---|---|---|---|---|---|---|---|---|---|---|---|---|---|---|---|
| Dewey Decimal Classification | Main TEST | RTC Library | RTC Library | Main opac | 2609 | 579.3 DYE | 30003408 | 27/11/2018 | 27/11/2018 | Main |